Cain el Bueno (Record no. 166461)

MARC details
000 -LEADER
campo de control de longitud fija 00720nam a22001815i 4500
001 - NÚMERO DE CONTROL
campo de control 166461
003 - IDENTIFICADOR DE NÚMERO DE CONTROL
campo de control ES-MaACL
005 - FECHA Y HORA DE LA ÚLTIMA TRANSACCIÓN
campo de control 20230906213335.0
008 - DATOS DE LONGITUD FIJA--INFORMACIÓN GENERAL
campo de control de longitud fija 050916s1871 sp | |||||||| ||spa d
040 ## - FUENTE DE CATALOGACIÓN
Centro catalogador/agencia de origen CAM
Lengua de catalogación spa
Centro/agencia transcriptor CAM
100 1# - ENTRADA PRINCIPAL--NOMBRE DE PERSONA
Nombre de persona Torre, Fernán de la.
9 (RLIN) 133311
245 10 - MENCIÓN DEL TÍTULO
Título Cain el Bueno
Resto del título : historia de un hombre llovido del cielo ó Ventajas de la agricultura /
Mención de responsabilidad, etc. Fernan de la Torre.
260 ## - PUBLICACIÓN, DISTRIBUCIÓN, ETC.
Lugar de publicación, distribución, etc. Madrid :
Nombre del editor, distribuidor, etc. [s.n.],
Fecha de publicación, distribución, etc. 1871 (
Fabricante Imprenta de La Constitucion, á cargo de L. Polo)
300 ## - DESCRIPCIÓN FÍSICA
Extensión 2 v. (362; 311 p.) ;
Dimensiones 19 cm.
752 ## - ENTRADA AGREGADA--NOMBRE JERÁRQUICO DEL LUGAR
País o entidad superior España -
Ciudad Madrid
852 ## - LOCALIZACIÓN
Ubicación ES-MaACL
Número de control de estantería G-8209-8210
Nota libre -- Enc. hol. conservando la cub. original
852 ## - LOCALIZACIÓN
Ubicación ES-MaACL
Número de control de estantería D-1942-1943
Nota libre -- Rust.
-- -- Legado M. de la Fuente
Holdings
Estatus retirado Estado de pérdida Estado de daño No para préstamo Colección Biblioteca de origen Biblioteca actual Ubicación en estantería Fecha de adquisición Fuente de adquisición Total de préstamos Signatura topográfica completa Código de barras Visto por última vez Precio de reemplazo Tipo de ítem Koha
        Libros del s. XIX Biblioteca del Ateneo de Madrid Biblioteca del Ateneo de Madrid Sala Valle Inclán 17/01/2008     D-1942-1943 901174586 23/02/2023 23/02/2023 Libro impreso antiguo
        Libros del s. XIX Biblioteca del Ateneo de Madrid Biblioteca del Ateneo de Madrid Sala Pecera Planta 3 17/01/2008     G-8209-8210 1174585 23/02/2023 23/02/2023 Libro impreso antiguo